| 000 | 00761cam a22002533a 4500 | ||
|---|---|---|---|
| 001 | 20341 | ||
| 003 | PGUSA | ||
| 005 | 20140828083430.0 | ||
| 008 | 070111s2007||||xxu|||||s|||||000 1 eng d | ||
| 040 |
_aPGUSA _beng |
||
| 042 | _adc | ||
| 050 | 4 | _aPZ | |
| 100 | 1 |
_aChase, Josephine, _d-1931 |
|
| 245 | 1 | 0 |
_aGrace Harlowe's Overland Riders in the Great North Woods _h[electronic resource] / _cJosephine Chase |
| 260 |
_bProject Gutenberg, _c2007 |
||
| 506 | _aPublic domain in the USA. | ||
| 516 | _aElectronic text | ||
| 653 | _aThieves -- Juvenile fiction | ||
| 653 | _aVacations -- Juvenile fiction | ||
| 653 | _aLumbermen -- Juvenile fiction | ||
| 830 | 0 |
_aProject Gutenberg _v20341 |
|
| 856 | 4 | 0 | _uhttp://www.gutenberg.org/ebooks/20341 |
| 942 | _cEB | ||
| 999 |
_c249596 _d249596 |
||